<?xml version="1.0" encoding="UTF-8"?><?xml-stylesheet type="text/xsl" href="static/style.xsl"?><OAI-PMH xmlns="http://www.openarchives.org/OAI/2.0/" xmlns:xsi="http://www.w3.org/2001/XMLSchema-instance" xsi:schemaLocation="http://www.openarchives.org/OAI/2.0/ http://www.openarchives.org/OAI/2.0/OAI-PMH.xsd"><responseDate>2026-04-13T02:33:46Z</responseDate><request verb="GetRecord" identifier="oai:www.recercat.cat:10459.1/85036" metadataPrefix="marc">https://recercat.cat/oai/request</request><GetRecord><record><header><identifier>oai:recercat.cat:10459.1/85036</identifier><datestamp>2024-12-05T22:18:03Z</datestamp><setSpec>com_2072_3622</setSpec><setSpec>col_2072_479130</setSpec></header><metadata><record xmlns="http://www.loc.gov/MARC21/slim" xmlns:dcterms="http://purl.org/dc/terms/" xmlns:xsi="http://www.w3.org/2001/XMLSchema-instance" xmlns:doc="http://www.lyncode.com/xoai" xsi:schemaLocation="http://www.loc.gov/MARC21/slim http://www.loc.gov/standards/marcxml/schema/MARC21slim.xsd">
   <leader>00925njm 22002777a 4500</leader>
   <datafield ind2=" " ind1=" " tag="042">
      <subfield code="a">dc</subfield>
   </datafield>
   <datafield ind2=" " ind1=" " tag="720">
      <subfield code="a">Serrano Zapata, Maribel</subfield>
      <subfield code="e">author</subfield>
   </datafield>
   <datafield ind2=" " ind1=" " tag="260">
      <subfield code="c">2022-12-21T18:19:40Z</subfield>
   </datafield>
   <datafield ind2=" " ind1=" " tag="260">
      <subfield code="c">2022-12-21T18:19:40Z</subfield>
   </datafield>
   <datafield ind2=" " ind1=" " tag="260">
      <subfield code="c">2022-12-01</subfield>
   </datafield>
   <datafield ind2=" " ind1=" " tag="520">
      <subfield code="a">En este trabajo se presenta la incidencia de la variable lengua materna sobre el léxico disponible en castellano y en catalán en la provincia de Lleida. Se analiza mediante procedimientos descriptivos y estadísticos el peso de este factor en la producción léxica en las dos lenguas de la comunidad, basándose en una muestra de 240 informantes bilingües y 480 encuestas. Los resultados muestran de forma contundente que los índices cuantitativos son superiores entre el colectivo que completa la encuesta en su lengua materna.</subfield>
   </datafield>
   <datafield ind2=" " ind1=" " tag="520">
      <subfield code="a">In this paper we introduce the incidence of the mother tongue factor on the lexicon available in Spanish and Catalan in the province of Lleida. We analyze through descriptive and statistical procedures the weight of this factor in the lexical production in the two languages ​​of the community, based on a sample of 240 bilingual informants and 480 surveys. The results clearly show that the quantitative indexes are always higher among the group that completes the survey in their mother tongue.</subfield>
   </datafield>
   <datafield ind2=" " ind1=" " tag="520">
      <subfield code="a">Dans ce travail, on présente l’incidence de la variable langue maternelle sur le lexique disponible en espagnol et en catalan dans la province de Lleida. À l’aide de procédures descriptives et statistiques, on analyse le poids de ce facteur dans la production lexicale dans les deux langues de la communauté, sur la base d’un échantillon de 240 informateurs bilingues et de 480 enquêtes. Les résultats montrent de manière concluante que les indices quantitatifs sont plus élevés dans le groupe qui termine l’enquête dans sa langue maternelle.</subfield>
   </datafield>
   <datafield ind1="8" ind2=" " tag="024">
      <subfield code="a">http://hdl.handle.net/10459.1/85036</subfield>
   </datafield>
   <datafield tag="653" ind2=" " ind1=" ">
      <subfield code="a">Léxico disponible</subfield>
   </datafield>
   <datafield tag="653" ind2=" " ind1=" ">
      <subfield code="a">Lengua materna</subfield>
   </datafield>
   <datafield tag="653" ind2=" " ind1=" ">
      <subfield code="a">Bilingüismo</subfield>
   </datafield>
   <datafield tag="653" ind2=" " ind1=" ">
      <subfield code="a">Castellano</subfield>
   </datafield>
   <datafield tag="653" ind2=" " ind1=" ">
      <subfield code="a">Catalán</subfield>
   </datafield>
   <datafield tag="653" ind2=" " ind1=" ">
      <subfield code="a">Lexical availability</subfield>
   </datafield>
   <datafield tag="653" ind2=" " ind1=" ">
      <subfield code="a">Mother tongue</subfield>
   </datafield>
   <datafield tag="653" ind2=" " ind1=" ">
      <subfield code="a">Bilingualism</subfield>
   </datafield>
   <datafield tag="653" ind2=" " ind1=" ">
      <subfield code="a">Spanish</subfield>
   </datafield>
   <datafield tag="653" ind2=" " ind1=" ">
      <subfield code="a">Catalan</subfield>
   </datafield>
   <datafield ind2="0" ind1="0" tag="245">
      <subfield code="a">La variable lengua materna en la disponibilidad léxica de una comunidad bilingüe</subfield>
   </datafield>
   <datafield ind2="0" ind1="0" tag="245">
      <subfield code="a">The mother tongue variable in the lexical availability of a bilingual community</subfield>
   </datafield>
   <datafield ind2="0" ind1="0" tag="245">
      <subfield code="a">La variable langue maternelle dans la disponibilité lexicale d'une communauté bilingue</subfield>
   </datafield>
</record></metadata></record></GetRecord></OAI-PMH>